000 00856nam a22002297a 4500
005 20251108174521.0
008 250721s2007 xx 000 0 ara d
082 1 4 _aم/028/سوي
100 1 _aالسويدان، طارق محمد
_eمؤلف
245 1 0 _aماذا أقرأ ؟ مناهج قرائية مقترحة للأعمار المختلفة و أسماء لكتب مرشحة في كل المجالات الإنسانية /
264 1 _aالكويت :
_bشركة الإنتاج الفكري،
_c2007.
300 _aCD.
490 0 _aصناعة الثقافة
_v4
650 1 7 _aالثقافه
650 1 7 _aالقرااه
650 1 7 _aتشجيع القرااه
650 1 7 _aالمكتبات
650 1 7 _aمراكز المعلومات
700 1 _aباشراحيل، فيصل عمر
_eمؤلف
942 _2ddc
_cREF
999 _c111211
_d111211